Nuovi orizonti del Diritto Civile in rapporto colle Istituzioni pupillari (Record no. 43854)

MARC details
000 -LEADER
campo de control de longitud fija 00686nam a2200193 i 4500
001 - NÚMERO DE CONTROL
campo de control 43854
003 - IDENTIFICADOR DE NÚMERO DE CONTROL
campo de control ES-MaACL
005 - FECHA Y HORA DE LA ÚLTIMA TRANSACCIÓN
campo de control 20230906160905.0
007 - CAMPO FIJO DE DESCRIPCIÓN FÍSICA--INFORMACIÓN GENERAL
campo de control de longitud fija t|
008 - DATOS DE LONGITUD FIJA--INFORMACIÓN GENERAL
campo de control de longitud fija 030318s1891 sp ||||1| spa d
100 1# - ENTRADA PRINCIPAL--NOMBRE DE PERSONA
Nombre de persona Cavagnari, Camillo.
9 (RLIN) 37137
245 10 - MENCIÓN DEL TÍTULO
Título Nuovi orizonti del Diritto Civile in rapporto colle Istituzioni pupillari
Resto del título : saggio di critica e riforma legislativa /
Mención de responsabilidad, etc. Camillo Cavagnari.
260 ## - PUBLICACIÓN, DISTRIBUCIÓN, ETC.
Lugar de publicación, distribución, etc. Milano :
Nombre del editor, distribuidor, etc. [s.n.,
Fecha de publicación, distribución, etc. 1891] (
Fabricante Tip. Coop. Jusubria)
300 ## - DESCRIPCIÓN FÍSICA
Extensión XX, 451 p. ;
Dimensiones 23 cm.
490 1# - MENCIÓN DE SERIE
Mención de serie Biblioteca scientifica internazionale ;
Designación de volumen o secuencia 49
830 0# - PUNTO DE ACCESO ADICIONAL DE SERIE-TÍTULO UNIFORME
Título uniforme Biblioteca scientifica internazionale ;
Designación de volumen o secuencia 49
9 (RLIN) 188137
852 ## - LOCALIZACIÓN
Ubicación ES-MaACL
Número de control de estantería C-3207
Holdings
Estatus retirado Estado de pérdida Estado de daño No para préstamo Colección Biblioteca de origen Biblioteca actual Ubicación en estantería Fecha de adquisición Fuente de adquisición Total de préstamos Signatura topográfica completa Código de barras Visto por última vez Precio de reemplazo Tipo de ítem Koha
        Libros del s. XIX Biblioteca del Ateneo de Madrid Biblioteca del Ateneo de Madrid Sala Palomar 17/01/2008     C-3207 1046162 23/02/2023 23/02/2023 Libro impreso antiguo